teenage dream - Olivia Rodrigo (All Lyrics) - Statistics

General Stats
  • This quiz has been taken 29 times
  • The average score is 280 of 312
Answer Stats
Lyrics % Correct
a
100%
and
100%
And
100%
But
100%
but
100%
I
100%
me
100%
of
100%
you,
100%
you
100%
all
95%
be
95%
don't?
95%
I'm
95%
just
95%
my
95%
only
95%
say
95%
that
95%
the
95%
they
95%
They
95%
to
95%
what
95%
When
95%
when
95%
your
95%
ahead
90%
am
90%
being
90%
better
90%
better,
90%
birthday
90%
blow
90%
candles,
90%
dream
90%
gets
90%
go
90%
Got
90%
got
90%
grow
90%
happy
90%
if
90%
it
90%
It
90%
life
90%
more
90%
nineteen
90%
out
90%
start
90%
stop
90%
teenage
90%
whole
90%
years
90%
you're
90%
best
86%
could
86%
couldn't
86%
feel
86%
for
86%
gonna
86%
good?
86%
good
86%
I'll
86%
parts
86%
sorry
86%
will
86%
Will
86%
wise
86%
wise?
86%
Yeah,
86%
age
81%
already
81%
always
81%
back?
81%
beyond
81%
fear
81%
great
81%
Oh,
81%
pretty
81%
thing
81%
wishing
81%
young
81%
misunderstood?
76%
have
71%
quietly
71%
rest
71%
sad?
71%
spend
71%
cool
67%
guys?
67%
learning
67%
lessons
67%
not
62%
bluffs?
57%
call
57%
every
57%
reason
57%
does
52%
enough?
52%
everyone
52%
excuses
52%
affection
48%
are
48%
intentions
48%
wide-
48%
eyed
43%
No matching quizzes found
Score Distribution
Percent of People with Each Score
Percentile by Number Answered
Your Score History
You have not taken this quiz